Historia contemporánea de América Latina (Record no. 110456)

MARC details
000 -LEADER
campo de control de longitud fija 00775nam a22002534a 4500
001 - NÚMERO DE CONTROL
campo de control 50483
005 - FECHA Y HORA DE LA ÚLTIMA TRANSACCIÓN
campo de control 20230411090003.0
008 - DATOS DE LONGITUD FIJA--INFORMACIÓN GENERAL
campo de control de longitud fija 071220m20079999sp b b 000 0dspa
035 ## - NÚMERO DE CONTROL DEL SISTEMA
Número de control de sistema (OCoLC)ocn184947643
040 ## - FUENTE DE CATALOGACIÓN
Centro catalogador/agencia de origen DRFGD
Centro/agencia transcriptor DRFGD
035 ## - NÚMERO DE CONTROL DEL SISTEMA
Número de control de sistema (OCoLC)184947643
049 ## - FONDOS LOCALES (OCLC)
Biblioteca depositaria GRAL
245 00 - MENCIÓN DEL TÍTULO
Título Historia contemporánea de América Latina
Resto del título Auge y Caida de la autarquia
246 3# - FORMA VARIANTE DEL TITULO
Título propio/Titulo breve Colección historia contemporánea de América Latina
260 ## - PUBLICACIÓN, DISTRIBUCIÓN, ETC.
Lugar de publicación, distribución, etc. Madrid :
Nombre del editor, distribuidor, etc. Editorial Síntesis,
Fecha de publicación, distribución, etc. c2007-
300 ## - DESCRIPCIÓN FÍSICA
Extensión v. <5> : 357 p. ;
Dimensiones 23 cm.
505 1# - NOTA DE CONTENIDO CON FORMATO
Nota de contenido con formato Historia 1950-1980
520 ## - RESUMEN, ETC.
Sumario, etc. Includes bibliographical references.
700 1# - ENTRADA AGREGADA--NOMBRE PERSONAL
Nombre de persona Perez Herrero, Pedro
700 1# - ENTRADA AGREGADA--NOMBRE PERSONAL
Nombre de persona Palacios, Guillermo.
700 1# - ENTRADA AGREGADA--NOMBRE PERSONAL
Nombre de persona Moraga, Fabio.
942 ## - ELEMENTOS DE ENTRADA SECUNDARIOS (KOHA)
Fuente del sistema de clasificación o colocación Clasificación de Library of Congress
Tipo de ítem Koha
994 ## -
-- C0
-- DRFGD
Holdings
Estatus retirado Estado de pérdida Fuente del sistema de clasificación o colocación Estado de daño No para préstamo Colección Biblioteca de origen Biblioteca actual Ubicación en estantería Fecha de adquisición Serial enumeration / chronology Código de barras Visto por última vez Copia número Tipo de ítem Koha
    Clasificación de Library of Congress     Automatización y Procesos Técnicos Biblioteca Juan Bosch Biblioteca Juan Bosch Automatización y Procesos Técnicos (1er. Piso) 11/04/2023 Vol. 5 00000052307 17/02/2019 1